01559nam a2200241Ia 450000100060000000300090000600800410001504000130005604000130006904100130008210000190009510000290011424500180014324500180016125000110017926000110019026000100020126000490021130000410026050009690030165000160127065000310128613605IT-RoPAU130308s9999 xx 000 0 und d aIT-RoPAU cIT-RoPAU aITALIANO aBarilli Renato gCodice Aut. SPICS: 9544 aRetorica (La) bRetorica (La) a1a ed. aMILANO bISEDI c1979 [1° Ed.:1979 - Ed.Ling.Originale:1979] a"180 p. (prefazione: 6; testo: 174)" aEta'Greca Origini della Retorica e Sofisti Platone Retorica di Aristotele tra Forma e Contenuto Età Romana Cicerone e Il Primato della Retorica Quintiliano Medioevo Patristica e Agostino Boezio e la Scolastica Spirito Dialettico del XIII Secolo Caso di Dante Umanesimo e Rinascimento Retorica e Dialettica in Lorenzo Valla Recupero Umanistico della Dialettica Remismo Età moderna e Declino della Retorica Retorica e barocco Cartesio Pascal Leibnizbacone e L'Empirismo Vico Particolare Retorico e Universale Logico Sensismo Età Contemporanea Kant Hegel e Il superamento della Retorica tra Romanticismo e Positivismo condanna Rigorosa del croce riscatto Contemporaneo della Retorica Critica del vero e ritorno al Probabilismo Teoria dell'argomentazione di Perelman micro Retorica di Freud e Saussure Retorica e Letteraturalinea sintetica degli Anglosassoni e Linea Analitica dei Formalisti russi Retorica e Media tecnologici McLuhan Vitalità della Retorica aLINGUISTICA eCodice materia Spics: 3201